000 00287nam a22001337a 4500
008 170519b xxu||||| |||| 00| 0 eng d
020 _a9781857281736
041 _aeng
080 _a94 (4)
100 _a16
101 _aSHH
245 _aEUROPEAN WARFARE
_cBLACK, J
942 _2udc
_cBK
999 _c13537
_d13537